| 000 | 01352nam a2200397 i 4500 | ||
|---|---|---|---|
| 001 | 14854 | ||
| 003 | KOSZ 005 | ||
| 005 | 20200111084948.0 | ||
| 008 | 070616s1972 pl a f 001 0 pol | ||
| 015 | _aPB 1972/9203 | ||
| 035 | _a991034503419705066 | ||
| 035 | _a(PL-WaBN)b1922655x-48omnis_nlop | ||
| 035 | _ab1922655x | ||
| 035 | _a(OCoLC)838866787 | ||
| 035 | _a(PL)b0000001922655 | ||
| 035 | _a(EXLNZ-48OMNIS_NETWORK)9910401808505606 | ||
| 040 |
_aWA N _cWA N _dKOSZ 005/KK |
||
| 080 | _a576.1 | ||
| 100 | 1 |
_aHalicz, Benedykt _d(1903-1997) _eAutor |
|
| 245 | 1 | 0 |
_aProcesy ewolucji biologicznej / _cBenedykt Halicz. |
| 260 |
_aWarszawa : _bPaństwowe Wydawnictwo Naukowe, _c1972. |
||
| 300 |
_a371, [1] strona, [1] karta tablic : _bilustracje ; _c23 cm. |
||
| 336 |
_2rdacontent _aTekst _btxt |
||
| 337 |
_2rdamedia _aBez urządzenia pośredniczącego _bn |
||
| 338 |
_2rdacarrier _aWolumin _bnc |
||
| 380 | _aKsiążki | ||
| 388 | _a1901-2000 | ||
| 504 | _aBibliografia na stronach 355-[368]. Indeks. | ||
| 650 | 7 |
_aEwolucja _2DBN |
|
| 658 | _aBiologia | ||
| 700 |
_aHalicz, Benedykt _eAutor |
||
| 710 | _aPaństwowe Wydawnictwo Naukowe | ||
| 856 |
_uhttp://koha.tu.koszalin.pl/cgi-bin/koha/opac-detail.pl?biblionumber=14854 _yKatalog online BPK |
||
| 942 |
_2UKD _cKS |
||
| 999 |
_c14854 _d14854 |
||